Bioregionalism / (Record no. 9168)
[ view plain ]
| 000 -LEADER | |
|---|---|
| fixed length control field | 01060cam a2200289 a 4500 |
| 001 - CONTROL NUMBER | |
| control field | 4033398 |
| 003 - CONTROL NUMBER IDENTIFIER | |
| control field | OSt |
| 005 - DATE AND TIME OF LATEST TRANSACTION | |
| control field | 20240712105100.0 |
| 008 - FIXED-LENGTH DATA ELEMENTS--GENERAL INFORMATION | |
| fixed length control field | 980424s1999 enka 001 0 eng |
| 010 ## - LIBRARY OF CONGRESS CONTROL NUMBER | |
| LC control number | 98020210 |
| 020 ## - INTERNATIONAL STANDARD BOOK NUMBER | |
| International Standard Book Number | 0415154448 (hardbound) |
| 020 ## - INTERNATIONAL STANDARD BOOK NUMBER | |
| International Standard Book Number | 0415154456 (pbk.) |
| 040 ## - CATALOGING SOURCE | |
| Transcribing agency | must |
| 050 00 - LIBRARY OF CONGRESS CALL NUMBER | |
| Classification number | GE43 |
| Item number | .B56 1999 |
| 082 00 - DEWEY DECIMAL CLASSIFICATION NUMBER | |
| Classification number | 363.7 |
| Edition number | 21 |
| 245 00 - TITLE STATEMENT | |
| Title | Bioregionalism / |
| Statement of responsibility, etc. | edited by Michael Vincent McGinnis. |
| 260 ## - PUBLICATION, DISTRIBUTION, ETC. (IMPRINT) | |
| Place of publication, distribution, etc. | London ; |
| -- | New York : |
| Name of publisher, distributor, etc. | Routledge, |
| Date of publication, distribution, etc. | 1999. |
| 300 ## - PHYSICAL DESCRIPTION | |
| Extent | xvii, 231 p. : |
| Other physical details | ill. ; |
| Dimensions | 24 cm. |
| 500 ## - GENERAL NOTE | |
| General note | Includes index. |
| 650 #0 - SUBJECT ADDED ENTRY--TOPICAL TERM | |
| Topical term or geographic name as entry element | Bioregionalism. |
| 9 (RLIN) | 18690 |
| 650 #0 - SUBJECT ADDED ENTRY--TOPICAL TERM | |
| Topical term or geographic name as entry element | Environmental policy. |
| 9 (RLIN) | 1624 |
| 700 1# - ADDED ENTRY--PERSONAL NAME | |
| Personal name | McGinnis, Michael Vincent, |
| Dates associated with a name | 1962- |
| 9 (RLIN) | 18691 |
| 856 42 - ELECTRONIC LOCATION AND ACCESS | |
| Materials specified | Publisher description |
| Uniform Resource Identifier | <a href="http://www.loc.gov/catdir/enhancements/fy0649/98020210-d.html">http://www.loc.gov/catdir/enhancements/fy0649/98020210-d.html</a> |
| 906 ## - LOCAL DATA ELEMENT F, LDF (RLIN) | |
| a | 7 |
| b | cbu |
| c | orignew |
| d | 1 |
| e | ocip |
| f | 19 |
| g | y-gencatlg |
| 942 ## - ADDED ENTRY ELEMENTS (KOHA) | |
| Source of classification or shelving scheme | Dewey Decimal Classification |
| Koha item type | Open Shelf |
| Withdrawn status | Lost status | Source of classification or shelving scheme | Damaged status | Not for loan | Home library | Current library | Date acquired | Source of acquisition | Inventory number | Total Checkouts | Full call number | Barcode | Date last seen | Price effective from | Koha item type |
|---|---|---|---|---|---|---|---|---|---|---|---|---|---|---|---|
| Dewey Decimal Classification | MUST Main Library | MUST Main Library | 12/07/2024 | donation | 06/26439 | 363.7 | 2024-21946 | 12/07/2024 | 12/07/2024 | Open Shelf |
